Statistics for Rick and Morty Season 1 Episodes

Click here to take the quiz!

General Stats

  • This quiz has been taken 40 times
  • The average score is 6 of 11

Answer Stats

# Episode % Correct
1Pilot
95%
8Rixty Minutes
63%
2Lawnmower Dog
53%
5Meeseeks and Destroy
53%
3Anatomy Park
47%
6Rick Potion #9
47%
7Raising Gazorpazorp
47%
9Something Ricked This Way Comes
47%
4M. Night Shaym-Aliens!
37%
10Close Rick-counters of the Rick Kind
37%
11Ricksy Business
32%

Score Distribution

Percentile by Number Answered

Percent of People with Each Score

Your Score History

You have not taken this quiz